ASCENT AND DECLINE OF NATIVE AND COLONIA (Record no. 31652)

MARC details
000 -LEADER
fixed length control field 00338nam a2200133Ia 4500
008 - FIXED-LENGTH DATA ELEMENTS--GENERAL INFORMATION
fixed length control field 240624s9999 xx 000 0 und d
041 ## - LANGUAGE CODE
Language code of text/sound track or separate title eng
082 ## - DEWEY DECIMAL CLASSIFICATION NUMBER
Classification number 330.954 SET
100 ## - MAIN ENTRY--PERSONAL NAME
Personal name SETH VIJAY K
245 ## - TITLE STATEMENT
Title ASCENT AND DECLINE OF NATIVE AND COLONIA
260 ## - PUBLICATION, DISTRIBUTION, ETC.
Date of publication, distribution, etc. 2019
Place of publication, distribution, etc. New Delhi
Name of publisher, distributor, etc. Sage
300 ## - PHYSICAL DESCRIPTION
Extent x, 302 p.; 23 cm.
365 ## - TRADE PRICE
Currency code RS
Price amount 35
Holdings
Withdrawn status Lost status Damaged status Not for loan Home library Current library Shelving location Date acquired Full call number Barcode Date last seen Copy number Price effective from Koha item type
        IMTN IMTN Rack 8-A 04/25/2019 330.954 SET 31652 06/24/2024 1 06/24/2024 Books
Designed & Maintained by: LRC IMT Nagpur Contact: lrc@imtnag.ac.in© 2024. All Rights Reserved.